<?xml version="1.0" encoding="UTF-8"?>
<record
    xmlns:xsi="http://www.w3.org/2001/XMLSchema-instance"
    xsi:schemaLocation="http://www.loc.gov/MARC21/slim http://www.loc.gov/standards/marcxml/schema/MARC21slim.xsd"
    xmlns="http://www.loc.gov/MARC21/slim">

  <leader>01844nam2a2200301   4500</leader>
  <controlfield tag="001">v19\rc\1749816</controlfield>
  <controlfield tag="005">20260406080129.0</controlfield>
  <datafield tag="035" ind1=" " ind2=" ">
    <subfield code="a">(NLR Aleph) 005248729</subfield>
  </datafield>
  <datafield tag="090" ind1=" " ind2=" ">
    <subfield code="a">5781390</subfield>
    <subfield code="c">5781390</subfield>
  </datafield>
  <datafield tag="100" ind1=" " ind2=" ">
    <subfield code="a">20061204d1902    |||y0rusy50      ca</subfield>
  </datafield>
  <datafield tag="101" ind1="0" ind2=" ">
    <subfield code="a">rus</subfield>
  </datafield>
  <datafield tag="102" ind1=" " ind2=" ">
    <subfield code="a">RU</subfield>
  </datafield>
  <datafield tag="105" ind1=" " ind2=" ">
    <subfield code="a">y   z   |||||</subfield>
  </datafield>
  <datafield tag="200" ind1="1" ind2=" ">
    <subfield code="a">&#x41D;. &#x41A;. &#x41C;&#x438;&#x445;&#x430;&#x439;&#x43B;&#x43E;&#x432;&#x441;&#x43A;&#x438;&#x439; &#x438; &#x435;&#x433;&#x43E; &#x442;&#x440;&#x443;&#x434;&#x44B;</subfield>
    <subfield code="e">(&#x43F;&#x43E; &#x43F;&#x43E;&#x432;&#x43E;&#x434;&#x443; 40-&#x43B;&#x435;&#x442;&#x438;&#x44F; &#x435;&#x433;&#x43E; &#x43B;&#x438;&#x442;&#x435;&#x440;&#x430;&#x442;&#x443;&#x440;. &#x434;&#x435;&#x44F;&#x442;&#x435;&#x43B;&#x44C;&#x43D;&#x43E;&#x441;&#x442;&#x438;)</subfield>
    <subfield code="f">[&#x441;&#x43E;&#x447;.] &#x41D;. &#x412;. &#x420;&#x435;&#x439;&#x43D;&#x433;&#x430;&#x440;&#x434;&#x442;&#x430;</subfield>
  </datafield>
  <datafield tag="210" ind1=" " ind2=" ">
    <subfield code="d">1902</subfield>
    <subfield code="a">&#x411;. &#x43C;.</subfield>
  </datafield>
  <datafield tag="215" ind1=" " ind2=" ">
    <subfield code="a">28 &#x441;.</subfield>
  </datafield>
  <datafield tag="461" ind1=" " ind2="0">
    <subfield code="1">001v19\rc\1316798</subfield>
    <subfield code="1">2001#$a&#x427;&#x442;&#x435;&#x43D;&#x438;&#x44F; &#x432; &#x41E;&#x431;&#x449;&#x435;&#x441;&#x442;&#x432;&#x435; &#x43B;&#x44E;&#x431;&#x438;&#x442;&#x435;&#x43B;&#x435;&#x439; &#x440;&#x443;&#x441;&#x441;&#x43A;&#x43E;&#x439; &#x441;&#x43B;&#x43E;&#x432;&#x435;&#x441;&#x43D;&#x43E;&#x441;&#x442;&#x438; &#x432; &#x43F;&#x430;&#x43C;&#x44F;&#x442;&#x44C; &#x410;. &#x421;. &#x41F;&#x443;&#x448;&#x43A;&#x438;&#x43D;&#x430; &#x43F;&#x440;&#x438; &#x41A;&#x430;&#x437;&#x430;&#x43D;&#x441;&#x43A;&#x43E;&#x43C; &#x443;&#x43D;&#x438;&#x432;&#x435;&#x440;&#x441;&#x438;&#x442;&#x435;&#x442;&#x435;$v1902. 17</subfield>
    <subfield code="9">4568133</subfield>
    <subfield code="a">&#x41E;&#x431;&#x449;&#x435;&#x441;&#x442;&#x432;&#x43E; &#x43B;&#x44E;&#x431;&#x438;&#x442;&#x435;&#x43B;&#x435;&#x439; &#x440;&#x443;&#x441;&#x441;&#x43A;&#x43E;&#x439; &#x441;&#x43B;&#x43E;&#x432;&#x435;&#x441;&#x43D;&#x43E;&#x441;&#x442;&#x438; &#x432; &#x43F;&#x430;&#x43C;&#x44F;&#x442;&#x44C; &#x410;. &#x421;. &#x41F;&#x443;&#x448;&#x43A;&#x438;&#x43D;&#x430; (&#x41A;&#x430;&#x437;&#x430;&#x43D;&#x44C;)</subfield>
    <subfield code="c">&#x41A;&#x430;&#x437;&#x430;&#x43D;&#x44C;</subfield>
    <subfield code="d">1900-1904</subfield>
    <subfield code="n">&#x422;&#x438;&#x43F;&#x43E;-&#x43B;&#x438;&#x442;. &#x418;&#x43C;&#x43F;. &#x443;&#x43D;-&#x442;&#x430;</subfield>
    <subfield code="t">&#x427;&#x442;&#x435;&#x43D;&#x438;&#x44F; &#x432; &#x41E;&#x431;&#x449;&#x435;&#x441;&#x442;&#x432;&#x435; &#x43B;&#x44E;&#x431;&#x438;&#x442;&#x435;&#x43B;&#x435;&#x439; &#x440;&#x443;&#x441;&#x441;&#x43A;&#x43E;&#x439; &#x441;&#x43B;&#x43E;&#x432;&#x435;&#x441;&#x43D;&#x43E;&#x441;&#x442;&#x438; &#x432; &#x43F;&#x430;&#x43C;&#x44F;&#x442;&#x44C; &#x410;. &#x421;. &#x41F;&#x443;&#x448;&#x43A;&#x438;&#x43D;&#x430; &#x43F;&#x440;&#x438; &#x41A;&#x430;&#x437;&#x430;&#x43D;&#x441;&#x43A;&#x43E;&#x43C; &#x443;&#x43D;&#x438;&#x432;&#x435;&#x440;&#x441;&#x438;&#x442;&#x435;&#x442;&#x435;...</subfield>
    <subfield code="v">1902. 17</subfield>
  </datafield>
  <datafield tag="532" ind1="1" ind2="0">
    <subfield code="a">&#x41D;&#x438;&#x43A;&#x43E;&#x43B;&#x430;&#x439; &#x41A;&#x43E;&#x43D;&#x441;&#x442;&#x430;&#x43D;&#x442;&#x438;&#x43D;&#x43E;&#x432;&#x438;&#x447; &#x41C;&#x438;&#x445;&#x430;&#x439;&#x43B;&#x43E;&#x432;&#x441;&#x43A;&#x438;&#x439; &#x438; &#x435;&#x433;&#x43E; &#x442;&#x440;&#x443;&#x434;&#x44B;</subfield>
  </datafield>
  <datafield tag="701" ind1=" " ind2="1">
    <subfield code="8">rus</subfield>
    <subfield code="7">ca</subfield>
    <subfield code="a">&#x420;&#x435;&#x439;&#x43D;&#x433;&#x430;&#x440;&#x434;&#x442;</subfield>
    <subfield code="b">&#x41D;. &#x412;.</subfield>
    <subfield code="f">1842-</subfield>
    <subfield code="g">&#x41D;&#x438;&#x43A;&#x43E;&#x43B;&#x430;&#x439; &#x412;&#x438;&#x43A;&#x442;&#x43E;&#x440;&#x43E;&#x432;&#x438;&#x447;</subfield>
    <subfield code="3">RU\NLR\AUTH\7786669</subfield>
    <subfield code="9">69597</subfield>
  </datafield>
  <datafield tag="702" ind1=" " ind2="1">
    <subfield code="4">280</subfield>
    <subfield code="8">rus</subfield>
    <subfield code="7">ca</subfield>
    <subfield code="a">&#x41C;&#x438;&#x445;&#x430;&#x439;&#x43B;&#x43E;&#x432;&#x441;&#x43A;&#x438;&#x439;</subfield>
    <subfield code="b">&#x41D;. &#x41A;.</subfield>
    <subfield code="f">1842-1904</subfield>
    <subfield code="c">&#x441;&#x43E;&#x446;&#x438;&#x43E;&#x43B;&#x43E;&#x433;</subfield>
    <subfield code="g">&#x41D;&#x438;&#x43A;&#x43E;&#x43B;&#x430;&#x439; &#x41A;&#x43E;&#x43D;&#x441;&#x442;&#x430;&#x43D;&#x442;&#x438;&#x43D;&#x43E;&#x432;&#x438;&#x447;</subfield>
    <subfield code="3">RU\NLR\AUTH\7741115</subfield>
    <subfield code="9">24065</subfield>
  </datafield>
  <datafield tag="801" ind1=" " ind2="0">
    <subfield code="a">RU</subfield>
    <subfield code="b">NLR</subfield>
    <subfield code="c">20061204</subfield>
    <subfield code="g">psbo</subfield>
  </datafield>
  <datafield tag="801" ind1=" " ind2="0">
    <subfield code="a">RU</subfield>
    <subfield code="b">RuMoRGB</subfield>
    <subfield code="c">20061204</subfield>
    <subfield code="2">psbo</subfield>
  </datafield>
  <datafield tag="801" ind1=" " ind2="1">
    <subfield code="a">RU</subfield>
    <subfield code="b">ProSoft-M</subfield>
    <subfield code="c">20061204</subfield>
    <subfield code="2">rusmarc</subfield>
  </datafield>
  <datafield tag="801" ind1=" " ind2="2">
    <subfield code="a">RU</subfield>
    <subfield code="b">NLR</subfield>
    <subfield code="c">20100428</subfield>
    <subfield code="2">rusmarc</subfield>
  </datafield>
  <datafield tag="852" ind1=" " ind2=" ">
    <subfield code="a">NLR</subfield>
    <subfield code="j">18.334.1.227</subfield>
  </datafield>
  <datafield tag="942" ind1=" " ind2=" ">
    <subfield code="c">BOOK</subfield>
  </datafield>
  <datafield tag="980" ind1=" " ind2=" ">
    <subfield code="a">NB</subfield>
  </datafield>
  <datafield tag="995" ind1=" " ind2=" ">
    <subfield code="5">2013-10-26</subfield>
    <subfield code="b">NLR02</subfield>
    <subfield code="c">NLR02</subfield>
    <subfield code="e">RFS</subfield>
    <subfield code="f">5248729-10</subfield>
    <subfield code="k">18.334.1.227</subfield>
    <subfield code="o">0</subfield>
    <subfield code="r">BOOK</subfield>
    <subfield code="s">183341227_</subfield>
  </datafield>
</record>
